000 00300nam a2200121 a 4500
001 4144
005 20140414131936.0
008 090317s19uu xx 00 eng d
050 _aREF 910.02
_bSe8 1999
245 _aThe Seven wonders of the natural world.
260 _bNavneet Pub.
999 _c112463
_d112463